000 00336nam a2200133Ia 4500
008 240624s9999 xx 000 0 und d
041 _aeng
082 _a158.7 TAY
100 _aTAYLOR ROS
245 _aCONFIDENCE AT WORK GET IT FEEL IT KEEP I
260 _c2013
_aNew Delhi
_bKogan
300 _a194 : p. : cm. ; 20
365 _cRS
_b33
999 _c22240
_d22240